000
00187 a2200097 4500
020
_a
30006654
041
_a
spa
100
_a
Lynn Stone
245
_a
Laws carreras del rodeo
942
_c
BK
999
_c
13551
_d
13551